[Event "Venice Autumn op-A 23rd"]
[Site "Venice S Leonardo"]
[Date "2016.11.01"]
[Round "6.10"]
[White "Velluti, Alberto"]
[Black "Redo, Stefano"]
[Result "0-1"]
[WhiteElo "1835"]
[BlackElo "1864"]
[PlyCount "32"]
[EventDate "2016.10.29"]
[EventType "swiss"]
[EventRounds "6"]
[EventCountry "ITA"]
[SourceTitle "EXT 2023"]
[Source "ChessBase"]
[SourceDate "2022.10.05"]
[SourceVersion "1"]
[SourceVersionDate "2022.10.05"]
[SourceQuality "1"]

1. e4 c5 2. Nf3 e6 3. d4 cxd4 4. Nxd4 a6 5. Bd3 Qc7 6. Nc3 b5 7. 0-0 Bb7 8. Nce2 Nf6 9. Ng3 Bc5 10. Nb3 Ba7 11. Qe2 Nc6 12. Be3 Bxe3 13. Qxe3 h5 14. Ne2 Ng4 15. Qf4 Nce5 16. h3 g5 0-1

[Event "Venice Autumn op-A 23rd"]
[Site "Venice S Leonardo"]
[Date "2016.10.30"]
[Round "3.8"]
[White "Redo, Stefano"]
[Black "Rosina, Graziano"]
[Result "1/2-1/2"]
[WhiteElo "1864"]
[BlackElo "1806"]
[PlyCount "148"]
[EventDate "2016.10.29"]
[EventType "swiss"]
[EventRounds "6"]
[EventCountry "ITA"]
[SourceTitle "EXT 2023"]
[Source "ChessBase"]
[SourceDate "2022.10.05"]
[SourceVersion "1"]
[SourceVersionDate "2022.10.05"]
[SourceQuality "1"]

1. e4 e5 2. Nf3 Nf6 3. Nxe5 d6 4. Nc4 Nxe4 5. Be2 Be7 6. d3 Nf6 7. 0-0 0-0 8. Bf3 Nc6 9. d4 Bf5 10. c3 Nd7 11. Ne3 Bg6 12. b4 Rb8 13. a4 Bf6 14. a5 a6 15. Na3 Ne7 16. Nac4 Nf5 17. g3 Re8 18. Nd5 Nf8 19. Nf4 Ne6 20. Bg4 Nxf4 21. Bxf4 Bg5 22. Qf3 Bxf4 23. Qxf4 Nh6 24. Rfe1 Nxg4 25. Qxg4 Re7 26. Re3 Qd7 27. Qxd7 Rxd7 28. Rae1 Kf8 29. f3 f6 30. Kf2 Re8 31. g4 Rxe3 32. Rxe3 Re7 33. f4 Rxe3 34. Kxe3 h5 35. h3 hxg4 36. hxg4 Bc2 37. Kd2 Be4 38. Ke3 Bg2 39. f5 Kf7 40. Kf4 g5+ 41. fxg6+ Kxg6 42. Ne3 Bc6 43. Nf5 Kf7 44. Ne3 Kg6 45. c4 Kf7 46. d5 Ba4 47. Ke4 Ke7 48. Kd4 c6 49. c5 dxc5+ 50. Kxc5 cxd5 51. Nxd5+ Ke6 52. Nc7+ Kd7 53. Nd5 Ke6 54. Kd4 Bd1 55. Ne3 Bf3 56. Kc5 Kd7 57. Kb6 Kc8 58. Nf5 Kb8 59. Nd6 Bc6 60. Kc5 Bf3 61. Ne8 Bxg4 62. Nxf6 Bf3 63. Kb6 Bh1 64. Nd7+ Ka8 65. Kc7 Ka7 66. Nb6 Bg2 67. Nc8+ Ka8 68. Nd6 Ka7 69. Nc8+ Ka8 70. Kb6 Bh3 71. Nd6 Bg2 72. b5 axb5 73. Kxb5 Kb8 74. Kb6 Bh1 1/2-1/2

[Event "Udine Province-ch"]
[Site "Udine"]
[Date "2006.12.08"]
[Round "4"]
[White "Zuttioni, Federico"]
[Black "Redo, Stefano"]
[Result "0-1"]
[WhiteElo "1626"]
[BlackElo "1931"]
[PlyCount "74"]
[EventDate "2006.12.02"]
[EventType "swiss"]
[EventRounds "6"]
[EventCountry "ITA"]
[SourceTitle "EXT 2011"]
[Source "ChessBase"]
[SourceDate "2010.11.26"]
[SourceVersion "1"]
[SourceVersionDate "2010.11.26"]
[SourceQuality "1"]

1. e4 c5 2. Nf3 e6 3. d3 Nc6 4. g3 Nge7 5. Bg2 d5 6. Nbd2 Ng6 7. 0-0 Be7 8. Re1 0-0 9. h4 f5 10. e5 Bd7 11. Qe2 Be8 12. Ng5 Nd4 13. Qd1 f4 14. c3 fxg3 15. fxg3 Bxg5 16. cxd4 Bh6 17. dxc5 Ne7 18. Nf3 Bxc1 19. Rxc1 Bh5 20. d4 Nf5 21. Kh2 Nxd4 22. Qxd4 Bxf3 23. Bxf3 Rxf3 24. Qg4 Rf2+ 25. Kg1 Rf5 26. b4 Qc7 27. Qd4 Raf8 28. Rc3 g5 29. hxg5 Rxg5 30. a4 Qg7 31. Kg2 Rg4 32. Qd2 Rxb4 33. c6 bxc6 34. Rxc6 Qg4 35. Rxe6 Rd4 36. Qb2 Rd3 37. Rf6 Qxg3+ 0-1